| 000 | 00751nam a2200265Ia 4500 | ||
|---|---|---|---|
| 003 | OSt | ||
| 005 | 20220924115119.0 | ||
| 006 | a|||||r|||| 00| 0 | ||
| 007 | ta | ||
| 008 | 220923b |||||||| |||| 00| 0 per d | ||
| 024 | _a344147 | ||
| 037 | _cTextual | ||
| 040 |
_aARTS _cARTS _bper |
||
| 041 |
_2per _aper |
||
| 082 | _aSN, 28M1 | ||
| 100 |
_aDaco Pierre Au. _9176850 |
||
| 245 | 0 | _aAl-intisarat-al-mazahla le ilm al nafs-al hadees | |
| 260 |
_aDamascus _bManshoorat wizarat Syria _c1981 |
||
| 300 |
_a463p. _ccm. |
||
| 650 | _a PSYCHOLOGY | ||
| 650 |
_aARABIC LANGUAGE _931794 |
||
| 700 |
_a Asad Wajia Tr. _9176851 |
||
| 942 |
_hSN, 28M1 _cTEXL _2CC |
||
| 999 |
_c396808 _d396808 |
||